ბათუმის შოთა რუსთაველის სახელმწიფო უნივერსიტეტის ბიბლიოთეკა

აფრიკის ტყეებში (ბიბ.ჩანაწერი № 42888)

000 -LEADER
fixed length control field 00768nam a2200229Ia 4500
001 - CONTROL NUMBER
control field 9602
003 - CONTROL NUMBER IDENTIFIER
control field GE_BSU
008 - FIXED-LENGTH DATA ELEMENTS--GENERAL INFORMATION
fixed length control field 181216s||||||||xx |||||||||||||| ||und||
040 ## - CATALOGING SOURCE
Transcribing agency GE_BSU
080 ## - UNIVERSAL DECIMAL CLASSIFICATION NUMBER
Universal Decimal Classification number 82-95
100 ## - MAIN ENTRY--PERSONAL NAME
Personal name მირიანიშვილი,შალვა
245 ## - TITLE STATEMENT
Title აფრიკის ტყეებში
245 ## - TITLE STATEMENT
Remainder of title ფანტასტ.მოთხრობა
245 ## - TITLE STATEMENT
Statement of responsibility, etc. რედ:მ.ჭახრაკია;მხატვ:რ.მახარაძე
260 ## - PUBLICATION, DISTRIBUTION, ETC.
Place of publication, distribution, etc. თბილისი.
260 ## - PUBLICATION, DISTRIBUTION, ETC.
Name of publisher, distributor, etc. ნაკადული.
260 ## - PUBLICATION, DISTRIBUTION, ETC.
Date of publication, distribution, etc. 1961.
300 ## - PHYSICAL DESCRIPTION
Extent 90გვ;21სმ.ილ.
653 ## - INDEX TERM--UNCONTROLLED
Uncontrolled term აფრიკის ტყეებში
653 ## - INDEX TERM--UNCONTROLLED
Uncontrolled term ფანტასტ.მოთხრობა
942 ## - ADDED ENTRY ELEMENTS (KOHA)
Koha item type წიგნი
ეგზემპლარები
Withdrawn status Lost status Damaged status Not for loan Date acquired Barcode Date last seen Price effective from Koha item type
        2018-12-17 32558 2018-12-17 2018-12-17 წიგნი